60er : Plakate aus der Sammlung der Wienbibliothek /

Korporativní autor: Wienbibliothek im Rathaus
Další autoři: König-Rainer, Julia, 1975-
Jazyk: Němčina
Vydáno: Wien : Wienbibliothek im Rathaus, 2011
Edice: Plakate aus der Sammlung der Wienbibliothek
Témata:
Fyzický popis: 175 s. : barev. il. ; 27 cm
Knihy
Uloženo v:
LEADER 01890nam a2200517 a 4500
001 001167135
003 CZ BrMZK
005 20110914090218.0
007 ta
008 110605s2011 au a e 000 0 ger
020 |a 978-3-902053-20-6  |q (brož.) 
035 |a (OCoLC)772962020 
040 |a BOA001  |b cze 
043 |a e-au--- 
045 |a x6x7 
072 7 |a 659  |x Reklama. Public relations. Média  |2 Konspekt  |9 4 
080 |a 027.52  |2 MRF 
080 |a 027.53  |2 MRF 
080 |a 025.17  |2 MRF 
080 |a 659.133.1  |2 MRF 
080 |a (436.1)  |2 MRF 
080 |a (082)  |2 MRF 
080 |a (084.11)  |2 MRF 
245 0 0 |a 60er :  |b Plakate aus der Sammlung der Wienbibliothek /  |c Julia König-Rainer (Hrsg.) 
246 3 |a Sechziger 
246 3 0 |a Plakate aus der Sammlung der Wienbibliothek 
260 |a Wien :  |b Wienbibliothek im Rathaus,  |c 2011 
300 |a 175 s. :  |b barev. il. ;  |c 27 cm 
490 1 |a Plakate aus der Sammlung der Wienbibliothek ;  |v Bd. 3 
504 |a Obsahuje bibliografické odkazy 
648 7 |a 1961-1970  |7 ch460584  |2 czenas 
650 0 7 |a městské knihovny  |7 ph123103  |z Rakousko  |2 czenas 
650 0 7 |a zemské knihovny  |7 ph127610  |z Rakousko  |2 czenas 
650 0 7 |a speciální knihovní fondy  |7 ph166520  |z Rakousko  |2 czenas 
650 0 7 |a plakáty  |7 ph124084  |z Rakousko  |y 20. stol.  |2 czenas 
655 7 |a sborníky  |7 fd163935  |2 czenas 
655 7 |a obrazové publikace  |7 fd132947  |2 czenas 
610 2 7 |a Wienbibliothek im Rathaus  |7 kn20070516015  |2 czenas 
651 7 |a Vídeň (Rakousko)  |7 ge131380  |2 czenas 
700 1 |a König-Rainer, Julia,  |d 1975-  |7 mzk2008448493  |4 edt 
710 2 |a Wienbibliothek im Rathaus  |7 kn20070516015 
830 0 |a Plakate aus der Sammlung der Wienbibliothek 
910 2 |a BOA001  |b 3-1270.663 
990 |a BK 
991 |b 201109  |c NOV  |e n 
996 7 |b 2610487635  |c 3-1270.663  |l MZK  |r Sklad / do 1 hodiny  |n 0  |p dar  |w 001201101  |u 000010  |a 1  |e BOA001  |j MZK50  |s A